Mengenali Undang-Undang Kontrak Malaysia / (Record no. 27205)

000 -LEADER
fixed length control field 00930nam a22002537a 4500
001 - CONTROL NUMBER
control field 0000003792
003 - CONTROL NUMBER IDENTIFIER
control field PPM
005 - DATE AND TIME OF LATEST TRANSACTION
control field 20260420154104.0
008 - FIXED-LENGTH DATA ELEMENTS--GENERAL INFORMATION
fixed length control field 260420b ||||| |||| 00| 0 eng d
020 ## - INTERNATIONAL STANDARD BOOK NUMBER
International Standard Book Number 9678913232
Terms of availability RM 37.50
Qualifying information Paperback
035 ## - SYSTEM CONTROL NUMBER
System control number 0000003792
040 ## - CATALOGING SOURCE
Language of cataloging Malay
Transcribing agency Pusat Penyelidikan Mineral, Jabatan Mineral Dan Geosains Malaysia
Modifying agency PPM
Description conventions RDA
082 00 - DEWEY DECIMAL CLASSIFICATION NUMBER
Edition number 21
Classification number 346.5950
Item number SAK 2003
100 1# - MAIN ENTRY--PERSONAL NAME
Personal name Sakina Shaik Ahmad Yusoff
Relator term author
245 10 - TITLE STATEMENT
Title Mengenali Undang-Undang Kontrak Malaysia /
Statement of responsibility, etc. oleh Sakina Shaik Ahmad Yusoff, Azimon Abdul Aziz
260 #1 - PUBLICATION, DISTRIBUTION, ETC.
Place of publication, distribution, etc. Petaling Jaya :
Name of publisher, distributor, etc. International Law Book services,
Date of publication, distribution, etc. 2003
300 00 - PHYSICAL DESCRIPTION
Extent xxvi, 220 pages .:
Other physical details illustrations .;
Dimensions 23 cm
500 ## - GENERAL NOTE
General note Mengandungi soalan dan latihan
504 ## - BIBLIOGRAPHY, ETC. NOTE
Bibliography, etc. note Mengandungi rujukan bibliografi
650 10 - SUBJECT ADDED ENTRY--TOPICAL TERM
Topical term or geographic name entry element Commercial law
Geographic subdivision Malaysia
650 20 - SUBJECT ADDED ENTRY--TOPICAL TERM
Topical term or geographic name entry element Contracts
Geographic subdivision Malaysia
700 1# - ADDED ENTRY--PERSONAL NAME
Personal name Azimon Abdul Aziz
Relator term joint author
942 ## - ADDED ENTRY ELEMENTS (KOHA)
Source of classification or shelving scheme
Koha item type Books
Holdings
Withdrawn status Lost status Source of classification or shelving scheme Damaged status Not for loan Collection code Permanent Location Current Location Shelving location Date acquired Cost, normal purchase price Total Checkouts Full call number Date last seen Price effective from Koha item type
Available         Open Shelf PPM PPM Open Shelf 20/04/2026 37.50   346.5950 SAK 2003 20/04/2026 20/04/2026 Books